000 00629pam a2200217 a 4500
001 1616499
005 20180312043046.0
008 951128s1996 njua 001 0 eng
010 _a 95033744
020 _a0023544813
040 _aDLC
_cDLC
_dDLC
041 _aeng
080 _a540 wil
082 0 0 _a540 wil
_220
100 1 _a12
101 _akim
245 1 0 _aGeneral chemistry /
_cJohn W. Hill, Ralph H. Petrucci.
906 _a7
_bcbc
_corignew
_d1
_eocip
_f19
_gy-gencatlg
942 _2ddc
_cBK
999 _c44661
_d44661